| 000 | 01244nam a2200325 a 4500 | ||
|---|---|---|---|
| 001 | 84873 | ||
| 003 | BD-RjUL | ||
| 005 | 20250429150611.0 | ||
| 008 | 250429r19551931nyu 000 0 eng | ||
| 035 | _a(BD-RjUL)84873 | ||
| 040 |
_aDLC _cDLC _dDLC _erda _eBD-RjUL _beng |
||
| 041 | _aeng | ||
| 082 | 0 | 0 |
_223 _a817.09 _bROA 1955 |
| 100 | 1 |
_aRourke, Constance, _d1885-1941, _eauthor. _915356 |
|
| 245 | 1 | 0 |
_aAmerican humor : _ba study of the national character / _cby Constance Rourke. |
| 264 | 1 |
_aGarden City, New York : _bDoubleday & Company, _c1931,1955. |
|
| 300 |
_a253 pages ; _c18 cm. |
||
| 336 |
_atext _btxt _2rdacontent |
||
| 337 |
_aunmediated _bn _2rdamedia |
||
| 338 |
_avolume _bnc _2rdacarrier |
||
| 650 | 0 |
_aAmerican wit and humor _xHistory and criticism. _915357 |
|
| 650 | 0 |
_aNational characteristics, American, in literature. _915358 |
|
| 650 | 0 |
_aNational characteristics, American. _915359 |
|
| 650 | 0 |
_aAmerican literature _xHistory and criticism. _915360 |
|
| 700 | 1 |
_aGorey, Edward, _d1925-2000, _ecover designer. _915364 |
|
| 710 | 2 |
_aGlen Emil Gorey Collection (Library of Congress) _5DLC _915362 |
|
| 710 | 2 |
_aEdward Bradford Gorey Collection (Library of Congress) _5DLC _915363 |
|
| 942 |
_2ddc _cBK |
||
| 999 |
_c84873 _d84873 |
||